Tilastot visalle Euroopan 15 suurinta kaupunkia kartalla

Klikkaa tästä pelataksesi tätä visaa!

Yleistilastot

  • Tätä visaa on pelattu 1 991 kertaa
  • Keskiarvotulos 11 / 13

Vastaukset kartalla

Vastauksille on annettu kartalla punavihreä väri sen mukaan, kuinka moni on saanut sen oikein.
Ladataan ...
 

Vastaustilastot

VäkilukuKapunki% Oikein
14,8 milLontoo
98%
11,4 milPariisi
98%
3,58 milRooma
97%
6,55 milMadrid
96%
17,3 milMoskova
95%
5,65 milPietari
94%
4,73 milBerliini
94%
3,35 milAteena
90%
4,78 milBarcelona
84%
16,0 milIstanbul
76%
6,20 milMilano
75%
3,48 milKiova
72%
4,23 milNapoli
64%

Tulosjakauma

Persentiili vastausten määrän mukaan

Jokaisen tuloksen saaneiden osuus

Tuloshistoriasi

Et ole pelannut tätä visaa